000
00318nam a2200145Ia 4500
008
210210b1972 xxu||||| |||| 00| 0 eng d
082
_a
512 LANA
100
_a
LANG (Serge).
245
_a
Algebra.
260
_a
London
_b
A W P Co.
_c
1972
300
_a
526
650
_a
Algebra
690
_a
Algebra
906
_a
032085
999
_c
83087
_d
83087